[Event "Moravia-ch"]
[Site "Moravia"]
[Date "1997.??.??"]
[Round "?"]
[White "Albertovic, Lukas"]
[Black "Fogas, D."]
[Result "1-0"]
[WhiteElo "1925"]
[BlackElo "1605"]
[PlyCount "65"]
[EventDate "1997.??.??"]
[EventType "swiss"]
[EventRounds "9"]
[EventCountry "CZE"]
[SourceTitle "EXT 1999"]
[Source "ChessBase"]
[SourceDate "1998.11.16"]
[SourceVersion "1"]
[SourceVersionDate "1998.11.16"]
[SourceQuality "1"]

1. e4 e5 2. f4 Bc5 3. Nf3 Nc6 4. Bc4 Nf6 5. fxe5 Nxe4 6. Qe2 Nf2 7. Rf1 0-0 8. Rxf2 Bxf2+ 9. Qxf2 d5 10. exd6 Re8+ 11. Kf1 cxd6 12. d4 d5 13. Bd3 Bg4 14. Ng5 Bh5 15. Bxh7+ Kh8 16. Bd3 Nb4 17. Qh4 Qf6+ 18. Bf4 g6 19. Nc3 Rad8 20. Qf2 Qe7 21. Be5+ Kg8 22. Bf6 Nxd3 23. cxd3 Qd6 24. Bxd8 f5 25. Ba5 Qxh2 26. Nf3 Qd6 27. a3 Qa6 28. Bb4 Qxd3+ 29. Kg1 Kg7 30. Rd1 Qa6 31. Re1 Rh8 32. Re7+ Kf6 33. Qh4+ 1-0

[Event "Moravia-ch"]
[Site "Moravia"]
[Date "1997.??.??"]
[Round "?"]
[White "Luzny, Rostislav"]
[Black "Fogas, D."]
[Result "1-0"]
[WhiteElo "1835"]
[BlackElo "1605"]
[PlyCount "95"]
[EventDate "1997.??.??"]
[EventType "swiss"]
[EventRounds "9"]
[EventCountry "CZE"]
[SourceTitle "EXT 1999"]
[Source "ChessBase"]
[SourceDate "1998.11.16"]
[SourceVersion "1"]
[SourceVersionDate "1998.11.16"]
[SourceQuality "1"]

1. e4 e5 2. Nf3 Nc6 3. Bb5 a6 4. Ba4 Nf6 5. 0-0 Be7 6. Re1 b5 7. Bb3 0-0 8. c3 d6 9. h3 Na5 10. Bc2 c5 11. d4 Qc7 12. d5 Bb7 13. Nbd2 Rab8 14. b3 Ba8 15. Nf1 Rfc8 16. Ng3 c4 17. b4 Nb7 18. Nf5 Bf8 19. Bg5 Ne8 20. Qd2 f6 21. Bh4 a5 22. a3 Nd8 23. a4 axb4 24. cxb4 c3 25. Qd3 bxa4 26. Bxa4 Nf7 27. b5 g6 28. Ne3 Bh6 29. Nc2 Kf8 30. Reb1 Rb6 31. Nb4 Qc4 32. Ne1 Qc5 33. Nec2 Qc7 34. f3 Bf4 35. Bf2 Rbb8 36. Na6 Qd8 37. Nxb8 Rxb8 38. Qxc3 Rc8 39. Qd3 Ng5 40. b6 Bb7 41. Nb4 Rc5 42. Bxc5 dxc5 43. Nc6 Qd6 44. Qb5 Qd7 45. Na5 Nxh3+ 46. gxh3 Be3+ 47. Kg2 Qe7 48. Qxe8+ 1-0